00427nam a22001457a 450000500170000000800410001702000150005804100130007308200130008610000130009924500520011226000610016430000310022565000250025620231130140116.0231130b |||||||| |||| 00| 0 eng d a0409004030 aEnglish  a349 JOU  lEnglish  aThe Law of South Africa / cedited by WJ Downer aDurban : bButterworth and Company (SA) Pty Ltd, c1980  bx, 310 pages ; c26,5 cm.  aLegal practice bLaw